| 000 | 00943nam0a22002531 4500 | ||
|---|---|---|---|
| 001 | RU\NLR\A1SV\114452 | ||
| 005 | 20251203171251.9 | ||
| 035 | _a(NLR Aleph) 009795805 | ||
| 090 |
_a10155677 _c10155677 |
||
| 100 | _a20120615d1926 u y0rusy50 ca | ||
| 101 | 0 | _arus | |
| 102 | _aRU | ||
| 200 | 1 |
_aСамсон и Далила _eОпера в 3 д. и 4 к. _eБиогр. композитора и содерж. оперы с сохранением текста гл. арий _fЛибретто Ф.Лимера _gМузыка К.Сен-Санса |
|
| 210 |
_aЧелябинск _cТип. Промкомбината _d1926 |
||
| 215 |
_a16 с. _d23 см |
||
| 620 | _dЧелябинск | ||
| 702 | 1 |
_aЛимер _bФ. |
|
| 702 | 1 |
_4230 _7ca _8rus _aСен-Санс _bК. _f1835-1921 _gКамиль _9229465 _3RU\NLR\AUTH\770229521 |
|
| 801 | 0 |
_aRU _bNLR _c20120615 |
|
| 852 |
_aNLR _j60/639 |
||
| 942 | _cBOOK | ||
| 980 | _aNB | ||
| 980 | _aA1SV | ||